[Event "Jacarei op 2nd"]
[Site "Jacarei"]
[Date "2019.07.28"]
[Round "6"]
[White "Marques Valio, Julio Gentil"]
[Black "Claro, Yasmin Cabral"]
[Result "1/2-1/2"]
[WhiteElo "1816"]
[BlackElo "1800"]
[PlyCount "56"]
[EventDate "2019.07.26"]
[EventType "swiss"]
[EventRounds "6"]
[EventCountry "BRA"]
[SourceTitle "CBM 191 Extra"]
[Source "ChessBase"]
[SourceDate "2019.09.30"]
[SourceVersion "1"]
[SourceVersionDate "2019.09.30"]
[SourceQuality "1"]

1. e4 c5 2. d4 cxd4 3. c3 Nf6 4. cxd4 Nxe4 5. Qc2 d5 6. Nf3 Nc6 7. Bb5 Bd7 8. a3 Qa5+ 9. Nc3 a6 10. Bxc6 Bxc6 11. 0-0 e6 12. Be3 Bd6 13. Ne5 Nxc3 14. Nxc6 bxc6 15. b4 Qc7 16. Qxc3 Bxh2+ 17. Kh1 Bd6 18. f4 a5 19. Rac1 Kd7 20. f5 exf5 21. Rxf5 f6 22. bxa5 Rxa5 23. Bf4 Rha8 24. Bxd6 Qxd6 25. Qh3 Ke7 26. Re1+ Kf7 27. Qh5+ Kf8 28. Qxh7 Kf7 1/2-1/2